000 00798cam a2200193 4500
001 WB3622-15
008 000000n2000 000 0 eng u
035 _a(Sirsi) u106311
245 _aPrepare for another slump
260 _c2000
490 _aSunday Business
_v 4 June 2000, 22(1)
520 _aHouse prices after rising steadily are now set for a fall. For example, in London house price inflation which has shown a rise of over 30% over the past year using the Halifax index is likely to be substantially lower over the next year. Compares the present sitiuation with a decade ago. + chart
590 _aWB
650 _aHOUSE PRICES
650 _aHOUSE MARKET
650 _aHOUSE PRICE INFLATION
690 _aPROPERTY-RESIDENTIAL PROPERTY-RESIDENTIAL PROPERTY MARKET
942 _n0
999 _c63671
_d63671